000 00589nam a2200229Ia 4500
003 OSt
005 20221007063011.0
006 a|||||r|||| 00| 0
007 ta
008 221006b |||||||| |||| 00| 0 eng d
024 _a7,353
037 _cTextual
040 _aFLL
_cFLL
_beng
041 _2eng
_aeng
082 _aZ2qN7, L0
100 _aJain H.C. Au.
_9683682
245 0 _aIndian Legal materials
260 _aBombay
_bN.M. Tripathi ltd. India
_c1970
300 _a123p
_ccm.
942 _hZ2qN7, L0
_cTEXL
_2CC
999 _c1130061
_d1130061